Experimentálne skúmanie mechanických vlastností modelov vyrobených FDM technológiou po aplikácii povrchovej úpravy

Salvato in:
Dettagli Bibliografici
Autore principale: Vojtek, Patrik (Autore)
Altri autori: Beniak, Juraj (Relatore della tesi)
Natura: Manoscritto Libro
Lingua:slovacco
Pubblicazione: 2017
Soggetti:
Accesso online:http://is.stuba.sk/zp/portal_zp.pl?podrobnosti=133509
Tags: Aggiungi Tag
Nessun Tag, puoi essere il primo ad aggiungerne!!

MARC

LEADER 00000ntm a22000003a 4500
001 stuzp65502
003 SK-STU
005 20170624214212.0
007 ta
008 150427s2015----xo-----f-mn---000-0-slo-d
040 |a STU  |b slo 
041 0 |a slo 
100 1 |a Vojtek, Patrik  |u 020070  |4 aut  |U SjF Strojnícka fakulta  |T SjF Ústav výrobných systémov, enviromentálnej techniky a manažment kvality  |X 82229  |U J0070  |Y 804  |7 82229 
242 0 1 |a Experimental investigation of the mechanical properties of the models produced by FDM technology after application of the surface treatment  |y eng 
245 1 0 |a Experimentálne skúmanie mechanických vlastností modelov vyrobených FDM technológiou po aplikácii povrchovej úpravy 
260 |c 2017 
650 4 |a FDM  |2 slo 
650 4 |a ABS  |2 slo 
650 4 |a povrchové úpravy  |2 slo 
650 4 |a acetón  |2 slo 
650 4 |a XTC 3D  |2 slo 
650 4 |a FDM  |2 eng 
650 4 |a ABS  |2 eng 
650 4 |a acetone  |2 eng 
650 4 |a XTC 3D  |2 eng 
650 4 |a surface treatment  |2 eng 
700 1 |a Beniak, Juraj  |u 020070  |k Z1  |4 ths  |U SjF Strojnícka fakulta  |T SjF Ústav výrobných systémov, enviromentálnej techniky a manažment kvality  |X 2226  |U J0070  |Y 804  |7 A000002226 
856 4 |u http://is.stuba.sk/zp/portal_zp.pl?podrobnosti=133509 
996 |b 284J045351  |c J* 2821/DDP  |l JJSK  |s A  |a 24  |w stuzp65502_0001